Arquitecturas de complejidad reducida para la compensación electrónica de la dispersión en sistemas de comunicaciones de alta velocidad /

Guardado en:
Otros Autores: Pola, Ariel Luis. (Disertante), Cousseau, Juan E. (Orientador), Agazzi, Oscar E. (Orientador)
Formato: Manuscrito
Idioma:Spanish
Publicado: 2016.
Materias:
Acceso en línea:Texto completo
Etiquetas: Agregar Etiqueta
Sin Etiquetas, Sea el primero en etiquetar este registro!
LEADER 01531ntm a22003375a 4500
001 EUN.eunm006686
005 20161202101509.0
008 161116s2016####ag#######bm###000#0#spa#d
082 0 4 |a 040  |2 15 
082 0 4 |a 621.382  |2 21 
100 1 |a Pola, Ariel Luis.  |4 dis 
245 1 0 |a Arquitecturas de complejidad reducida para la compensación electrónica de la dispersión en sistemas de comunicaciones de alta velocidad /  |c Ariel Luis Pola. 
260 |c 2016. 
300 |a xxii, 180 p. :  |b il. col. ;  |c 30 cm. 
500 |a Director de tesis: Juan E. Cousseau; co-director: Oscar E. Agazzi. 
500 |a "Tesis presentada para optar al título de Doctor en Ingeniería". 
502 |a Tesis (doctoral)--Universidad Nacional del Sur, 2016. 
504 |a Incluye referencias bibliográficas. 
530 |a Disponible también en formato digital. 
650 7 |a Ingeniería.  |2 unbist 
650 7 |a Electrónica.  |2 unbist 
650 7 |a Circuitos electrónicos.  |2 unbist 
653 |a Comunicaciones digitales 
653 |a Procesamiento de señales 
653 |a Circuitos integrados 
700 1 |a Cousseau, Juan E.  |q (Juan Edmundo)  |4 ths 
700 1 |a Agazzi, Oscar E.  |4 ths 
710 2 |a Universidad Nacional del Sur.  |b Departamento de Ingeniería Eléctrica y de Computadoras  |4 dgg. 
856 4 1 |3 Texto completo  |u http://repositoriodigital.uns.edu.ar/handle/123456789/2993 
859 |a AR-BaUNS  |b BIB. CENTRAL - Tesis  |h 040  |i B148 2016-1481  |k R  |p 125770/016 
859 |a AR-BaUNS  |b BIB. CENTRAL - Sector A - Tesis  |h 040  |i B148 2016-1481  |p 125771/016